000 01490nam a2200325 i 4500
001 42835
003 gtgccic
005 20250818131541.0
007 ta
008 241119| gt ||||| |||| 00| 0 spa d
040 _agtgccic
_bspa
_cgtgccic
_erda
084 _0C-74-948
100 1 0 _aGuzmán Román, Oscar de Jesús
_d1974
_eAutor
245 1 0 _aEstudio sobre techos de bóvedas tabicadas cilíndricas de ladrillo de barro cocido para viviendas /
_cOscar de Jesús Guzmán Román.
264 1 _aGuatemala, Guatemala :
_bFacultad de Ingeniería, Universidad de San Carlos de Guatemala,
_c1974.
300 _a48 páginas :
_bIlustraciones,
_c23 cm
336 _2rdacontenido
_aTexto
_btxt
337 _2rdamedio
_asin mediación
_bn
338 _2rdasoporte
_avolumen
_bnc
502 _aIngeniero Civil,
_bTesis de grado,
_cUSAC,
_d1974.
_oC74948
504 _aBibliografía página 41
520 3 _aEl trabajo realizado en el presente trabajo trata sobre un nuevo tipo de techo construido a base de ladrillo tayullo, cuya forma obedece a una bóveda cilíndrica de cañón en la cual la contra flecha central es mínima. Este tipo de bóveda comúnmente se le puede llamar bovedilla ya que sus entrevigados habituales son generalmente reducidos a luces de 0.80 a 1 m.
546 _aEspañol
650 1 4 _aCubiertas (Construcción)
650 1 4 _aBóvedas
650 1 4 _aTechos (viviendas)
700 1 0 _aRodas Mazariegos, Aníbal
_eAsesor
942 _0tes
_cTES
_kC74948
_n0
_2ddc
945 _aMC
999 _c94
_d94